Save Africans by Guessing Countries - Statistics

General Stats
  • This quiz has been taken 4,158 times
  • The average score is 1081 of 1506
Answers on the Map
Answers color-coded by a green-red scale on the quiz's map according to % correct below.
 
Answer Stats
Population Country % Correct
112 716 598 Egypt
95%
27 202 843 Niger
92%
45 606 480 Algeria
90%
102 262 808 D. R. Congo
89%
223 804 632 Nigeria
89%
60 414 495 South Africa
89%
48 109 006 Sudan
86%
126 527 060 Ethiopia
83%
37 840 044 Morocco
83%
18 278 568 Chad
78%
6 888 388 Libya
76%
23 293 698 Mali
76%
55 100 586 Kenya
75%
6 106 869 Rep. of the Congo
74%
18 143 378 Somalia
73%
36 684 202 Angola
70%
67 438 106 Tanzania
69%
34 121 985 Ghana
60%
12 458 223 Tunisia
58%
11 088 796 South Sudan
56%
5 742 315 Central African Republic
54%
33 897 354 Mozambique
53%
30 325 732 Madagascar
52%
48 582 334 Uganda
52%
28 647 293 Cameroon
50%
20 569 737 Zambia
49%
2 604 172 Namibia
44%
17 763 163 Senegal
44%
4 862 989 Mauritania
42%
16 665 409 Zimbabwe
39%
28 873 034 Ivory Coast
37%
9 053 799 Togo
37%
13 712 828 Benin
35%
2 675 352 Botswana
31%
14 190 612 Guinea
31%
3 748 901 Eritrea
29%
14 094 683 Rwanda
29%
2 436 566 Gabon
28%
20 931 751 Malawi
28%
23 251 485 Burkina Faso
23%
5 418 377 Liberia
21%
13 238 559 Burundi
17%
2 773 168 Gambia
17%
1 136 455 Djibouti
15%
2 330 318 Lesotho
13%
2 150 842 Guinea-Bissau
12%
8 791 092 Sierra Leone
12%
1 300 557 Mauritius
8%
598 682 Cape Verde
7%
1 210 822 Eswatini
7%
852 075 Comoros
6%
231 856 São Tomé and Príncipe
6%
1 714 671 Equatorial Guinea
5%
107 660 Seychelles
5%
No matching quizzes found
Score Distribution
Percent of People with Each Score
Percentile by Number Answered
Your Score History
You have not taken this quiz